Riadenie nákladov a ich vplyv na výsledok hospodárenia - CCS s.r.o. bakalárska práca

Guardado en:
Detalles Bibliográficos
Autor principal: Berešová, Terézia
Autor Corporativo: Podnikovohospodárska fakulta EU so sídlom v Košiciach. Katedra účtovníctva a financií
Otros Autores: Kostková, Albína, 1951-
Formato: Libro
Lenguaje:eslovaco
Publicado: Košice 2009
Etiquetas: Agregar Etiqueta
Sin Etiquetas, Sea el primero en etiquetar este registro!

MARC

LEADER 00000nam$a2200000$$$4500
001 0106014
005 20240320075357.6
041 0 |a slo 
044 |a SK 
245 1 0 |a Riadenie nákladov a ich vplyv na výsledok hospodárenia - CCS s.r.o.  |b bakalárska práca  |c Terézia Berešová ; škol. Albína Kostková 
264 1 |a Košice  |c 2009 
300 |a 42 s. 
100 1 |a Berešová, Terézia 
700 1 |a Kostková, Albína, 1951- 
710 2 |a Podnikovohospodárska fakulta EU so sídlom v Košiciach. Katedra účtovníctva a financií